Introducción al estudio del ensayo (con una breve atología del ensayo hispanoamericano)

Guardado en:
Bibliografiske detaljer
Hovedforfatter: Rocha Gutiérrez, Raúl
Format: Bog
Sprog:Undetermined
Udgivet: San José, Costa Rica Universidad de Costa Rica 1978
Fag:
Tags: Tilføj Tag
Ingen Tags, Vær først til at tagge denne postø!

MARC

LEADER 00000nam a2200000Ia 4500
008 170316s9999 xx 000 0 und d
090 |a 801 R-19i 
100 |a Rocha Gutiérrez, Raúl 
245 |a Introducción al estudio del ensayo (con una breve atología del ensayo hispanoamericano) 
260 |a San José, Costa Rica 
260 |b Universidad de Costa Rica 
260 |c 1978 
300 |a 53 páginas 
650 |a TEORÍA LITERARIA 
999 |c 20600  |d 20600 
040 |a cru BVZT 
942 |c 15 D  |h 801 R-19i  |2 z